| 000 | 00485nam a2200169 i 4500 | ||
|---|---|---|---|
| 001 | 35027 | ||
| 003 | ES-MaACL | ||
| 005 | 20250612063104.0 | ||
| 007 | t| | ||
| 008 | 030211s1971 sp ||||1| spa d | ||
| 100 | 1 |
_aBorrás, Tomás, _d1891-1976 _930556 |
|
| 245 | 1 | 0 |
_aRamiro Ledesma Ramos / _cTomás Borrás. |
| 260 |
_aMadrid : _bEditora Nacional, _c1971. |
||
| 300 |
_a791 p. : _bretr. aut. ; _c22 cm. |
||
| 852 |
_aES-MaACL _jC-39367 _bR.76612 |
||
| 999 |
_c35027 _d35027 |
||